000 01540nam a2200613Ia 4500
001 13421
008 191123s9999 xx 000 0 und d
041 _aspa
044 _aag
245 0 _a29 pintores, escultores y grabadores.
260 _aBuenos Aires :
_bUniversidad Catolica Argentina,
_c2003.
300 _a48 p.
_bilustrado
500 _aDonación
650 _aAUDIVERT, POMPEYO
650 _aBADII, LIBERO
650 _aBARBOSA, ADALBERTO Z.
650 _aBATLLE PLANAS, JUAN
650 _aBENGOCHEA, MIGUEL ANGEL
650 _aBUTLER, HORACIO
650 _aCARBALLO, AIDA
650 _aCOGORNO, SANTIAGO
650 _aDEMIRJIAN, JORGE
650 _aDIOMEDE, MIGUEL
650 _aDIOS MENA, JUAN DE
650 _aESCULTURA
650 _aFARADJE, EDUARDO
650 _aFIORAVANTI, JOSE
650 _aFONTANA, LUCIO
650 _aGRABADO
650 _aLAHAM, RICARDO
650 _aLIPKA, IRENE VON
650 _aMACCHI, AURELIO
650 _aMACCIO, ROMULO
650 _aORLOFF, LUCRECIO
650 _aPINTURA
650 _aPRESAS, LEOPOLDO
650 _aRIGANELLI, AGUSTIN
650 _aRUSSO, RAUL
650 _aSOLDI, RAUL
650 _aTIGLIO, MARCOS
650 _aTRAVIESO, FRANCISCO
650 _aVICTORICA, MIGUEL CARLOS
650 _aXUL SOLAR
650 _aYRURTIA, ROGELIO
902 _aM
903 _am
904 _am
907 _aimpreso
911 _ailustrado
912 _a2003
942 _cLIBRO
999 _c11066
_d11066
550 _ailustrado